000 01018cam a2200241 4500
001 WB3744-08
008 011120n2001 000 0 eng u
035 _a(Sirsi) u115644
245 _aIRE reports office rental decline
260 _c2001
490 _aProperty Week
_v66(46) 16 November 2001, 16(1)
520 _aThe Insignia Richard Ellis Monthly Index shows annual rental growth for offices slowing to 8.3% from 10.2%. Main decline came in the Central London market where values fell by 0.5%. All property values fell in October but annual capital growth remained unchanged at -2.3%
590 _aWB
650 _aINSIGNIA RICHARD ELLIS
650 _aPROPERTY-COMMERCIAL PROPERTY-OFFICE PROPERTY-OFFICE PROPERTY MARKET
650 _aCAPITAL VALUES
650 _aCAPITAL GROWTH
650 _aLONDON
650 _aINVESTMENT MARKET
650 _aPROPERTY-COMMERCIAL PROPERTY-RETAIL PROPERTY-RETAIL PROPERTY MARKET
690 _aPROPERTY-COMMERCIAL PROPERTY-COMMERCIAL PROPERTY MARKET
942 _n0
999 _c68869
_d68869